000 00738cam a2200205 4500
001 WB3607-28
008 000000n2000 000 0 eng u
035 _a(Sirsi) u104178
245 _aBuying and selling homes on-line
260 _c2000
490 _aHM Land Registry Press Notice
_v (2) 8 February 2000 (2)
520 _aAnnounces the results of the first stage of the National Land Information System Channel Implementation Project.
590 _aWB
650 _aHM LAND REGISTRY
650 _aNATIONAL LAND INFORMATION SERVICE
650 _aPROPERTY BUYING SYSTEM
650 _aPROPERTY-RESIDENTIAL PROPERTY-ACQUISITION AND DISPOSAL OF RESIDENTIAL PROPERTY
690 _aPROPERTY AND LAND LAW-CONVEYANCING
942 _n0
999 _c62520
_d62520